000 02558cam a2200349 a 4500
003 EG-GiCUC
005 20250223032237.0
008 190406s2018 ua d f m 000 0 eng d
040 _aEG-GiCUC
_beng
_cEG-GiCUC
041 0 _aeng
049 _aDeposite
097 _aPh.D
099 _aCai01.11.35.Ph.D.2018.Mo.S
100 0 _aMohammed Elsaid Saleh Elaraby
245 1 0 _aStudy fatty liver index, lipid accumulation product and ultrasonography in patient with nonalcoholic fatty liverdisease in medical center in Sherbin City /
_cMohammed Elsaid Saleh Elaraby ; Supervised Nagwa Eid Sobhy Saad , Saher Abdelatty , Ghada Khafaji
246 1 5 _aدراسة مؤشر الكبد الدهني ،ناتج تراكم الدهون والموجات الفوق صوتيه في مرضي الكبد الدهني الغير كحولي بمركز طبي في مدينة شربين
260 _aCairo :
_bMohammed Elsaid Saleh Elaraby ,
_c2018
300 _a147 P. :
_bcharts ;
_c25cm
502 _aThesis (Ph.D.) - Cairo University - Faculty of Medicine - Department of Family Medicine
520 _aIntroduction: NAFLD has become an emerging public health concern, most NAFLD patients do not present specific symptoms, particularly at the early stage, which hinders prevention and early detection.Simple clinical algorithms including fatty liver index (FLI) and lipid accumulation product (LAP) have been developed as surrogate markers for NAFLD, diagnosed using ultrasonography. Objectives: This study aimed to validate FLI and LAP as measures of hepatic steatosis, and compare between FLI & LAP in predicting NAFLD in primary health care (PHC). Methods: This is a comparative study, data were collected from 227 participants aged 18-65 years who attended family medicine clinic (medical center) in Sherbin city- Dakahliyah governorate - Egypt. All participants{u2019} socioeconomic, anthropometric and blood metabolic indices were obtained, and food frequency questionnaires, physical activity questionnaire were completed. Liver fat was investigated using ultrasonography, FLI&LAP were calculated and compared with ultrasound findings
530 _aIssued also as CD
653 4 _aFatty liver
653 4 _aNonalcoholic fatty liverdisease
653 4 _aUltrasonography
700 0 _aGhada Khafaji ,
_eSupervisor
700 0 _aNagwa Eid Sobhy Saad ,
_eSupervisor
700 0 _aSaher Abdelatty ,
_eSupervisor
856 _uhttp://172.23.153.220/th.pdf
905 _aNazla
_eRevisor
905 _aShimaa
_eCataloger
942 _2ddc
_cTH
999 _c71226
_d71226